Revolutionary voices : a multicultural queer youth anthology /

Invisible. Unheard. Alone. Chilling words, but apt to describe the isolation and alienation of queer youth. In silence and fear they move from childhood memories of intolerance or violence to the unknown, unmentored landscape of queer adulthood, their voices stilled or ignored. No longer. Revolution...

Full description

Bibliographic Details
Other Authors: Sonnie, Amy (Editor)
Format: Book
Language:English
Published: Los Angeles : Alyson Books, 2000.
Edition:First edition.
Subjects:

MARC

Tag First Indicator Second Indicator Subfields
LEADER 00000cam a2200000 a 4500
001 in00001582002
005 20240923135745.0
008 000831s2000 caua 000 mdeng
010 |a  00045405  
015 |a GBA0W2758  |2 bnb 
019 |a 48783805  |a 1022656079 
020 |a 1555835589  |q (pbk. ;  |q alk. paper) 
020 |a 9781555835583  |q (pbk. ;  |q alk. paper) 
029 1 |a AU@  |b 000021745320 
029 1 |a AU@  |b 000021777560 
029 1 |a IG#  |b 9781555835583 
029 1 |a NZ1  |b 5980921 
029 1 |a YDXCP  |b 100224265 
035 |a (OCoLC)ocm44933914  
035 |a (OCoLC)44933914  |z (OCoLC)48783805  |z (OCoLC)1022656079 
035 |a (OCoLC)ocm44933914  
040 |a DLC  |b eng  |c DLC  |d YDX  |d UKM  |d XY4  |d GZI  |d WAU  |d BAKER  |d BTCTA  |d YDXCP  |d STF  |d IG#  |d Z87  |d NPL  |d OCLCF  |d OCLCQ  |d CTB  |d CFS  |d S1C  |d OCLCO  |d CASUM  |d OCLCO  |d OCLCL  |d OCLCQ  |d OCLCA  |d TXA 
042 |a pcc 
050 0 0 |a HQ76.25  |b .R48 2000 
050 4 |a HQ73.4.Y68  |b R48 2000 
082 0 0 |a 305.235  |2 21 
245 0 0 |a Revolutionary voices :  |b a multicultural queer youth anthology /  |c edited by Amy Sonnie ; with an introduction by Margot Kelley Rodriguez. 
250 |a First edition. 
264 1 |a Los Angeles :  |b Alyson Books,  |c 2000. 
300 |a xxvi, 259 pages :  |b illustrations ;  |c 22 cm 
336 |a text  |b txt  |2 rdacontent 
337 |a unmediated  |b n  |2 rdamedia 
338 |a volume  |b nc  |2 rdacarrier 
520 |a Invisible. Unheard. Alone. Chilling words, but apt to describe the isolation and alienation of queer youth. In silence and fear they move from childhood memories of intolerance or violence to the unknown, unmentored landscape of queer adulthood, their voices stilled or ignored. No longer. Revolutionary Voices celebrates the hues and harmonies of the future of queer society, offering a collection of experiences, ideas, dreams, manifestos, and fantasies expressed through prose, poetry, artwork, and performance pieces. This one-of-a-kind collection is an all-encompassing, far-reaching call to action that provides the groundwork for a new community where all members are recognized as critical components to our future society. 
505 0 0 |t Speaking for Ourselves /  |r Amy Sonnie --  |t "We Are the Ones We Have Been Waiting For" /  |r Margot Kelley Rodriguez --  |t This is for me ... /  |r Jason Roe --  |t Was ich bin /  |r Ahimsa Timoteo Bodhran --  |t Grown-up --  |t What are you? /  |r Alegria Sonata Barclay --  |t Where the dead live /  |r Anonymous --  |t Problem kids --  |t I was only 13 when ... /  |r Liz Gaden --  |t Don't Ask Because I Won't Tell /  |r Chris Cotrina --  |t Grateful /  |r Andromeda --  |t Bent /  |r Mollie Biewald --  |t Butch --  |t Letter From a Butch /  |r Anonymous --  |t Different: My Experiences as an Intersexed Gay Boy /  |r S. Asher Hanley --  |t To Know /  |r Nzinga Akili --  |t Coming Out in Middle School /  |r Gina de Vries --  |t Proud to be an FOB /  |r Ryan P. Reyes --  |t The Dark Child /  |r Jerome C. Boyce --  |t How I got here & where I'm goin' /  |r Mario Anthony Balcita --  |t Untitled /  |r Rachel Josloff --  |t Line /  |r Sherisse Alvarez --  |t Crazy girl: a reconstructed memory in three pieces /  |r dani frances montgomery --  |t The secret --  |t Exorcisms /  |r sts --  |t Am I Happy? /  |r Katherine Heather Grobman --  |t Affirmation /  |r Uchechi Kalu --  |t Tasting Home --  |t Mensajes /  |r Meliza Banales --  |t Side Effects /  |r Kevin Rolfe --  |t Bruised /  |r Sara Frog Davidson --  |t Never Too Good at Dressing Barbies /  |r Dana Nicole Robinson --  |t Poems whispered in the dark /  |r Laura, Lauren --  |t Secret Hungers /  |r Anna Mills --  |t Tug of War Grip /  |r Daryl Vocat --  |t A Process of Change --  |t A Healthy Attitude --  |t The Promise --  |t Piecing Together My Racial Identity /  |r Kohei Ishihara --  |t Private Anniversary With Mom /  |r Alix Lindsey Olson --  |t America's on Sale! --  |t Washed in the Blood /  |r Beth Ann Dowler --  |t Broken /  |r Matt Wiedenheft --  |t Further Falling /  |r De Anne Lyn Smith --  |t A poem for us /  |r Tim Arevalo --  |t Halloween 1997 /  |r Amy Sonnie --  |t Relearning the Mothertongue: Notes From a Second-Generation Queer /  |r Ryn Gluckman --  |t Our Story /  |r meicha --  |t Chicago Heights, 1984 /  |r Ariana Banias --  |t I Wish I Knew the Last Four Verses of America the Beautiful /  |r Shane Luitjens --  |t Letter From a Young Queer Working-Class Woman of Color /  |r Gloria Ng --  |t Sensitivity Comes /  |r Thea Gahr --  |t Untitled --  |t Another Country /  |r John Frazier --  |t Walking Home /  |r T. Rowan --  |t Labels, Names, & Identity --  |t Dancing in the Shadows, an interview /  |r Siobhan Brooks --  |t Fingers /  |r Attar --  |t Straight-Out Pain /  |r Antigona --  |t Why life? /  |r Cecilia Isaacs-Blundin --  |t Diary Excerpts, 1995-1998 /  |r Emil Keliane --  |t Poem for Matthew Shepard /  |r Margot Kelley Rodriguez --  |t Manifesto --  |t The Memory of Bathing /  |r Qwo-Li Driskill --  |t At the Queer Conference Dinner --  |t On Diversity /  |r Colleen K. Donovan --  |t Beginning Revolutions --  |t October 20 /  |r Bree Zuckerman --  |t Nothing is more cruel /  |r Maria Poblet --  |t Guerilla poetry manifesto --  |t Excerpts From Impossible Body /  |r Lisa Lusero --  |t Queer Youth. 
586 |a Lambda Literary Award Finalist, 2000 
500 |a The Cushing Library/Women & Gender Studies copy was acquired as part of The Don Kelly Research Collection of Gay Literature and Culture.  |5 TXA 
650 0 |a Sexual minority youth  |v Literary collections. 
650 0 |a Sexual minorities' writings  |y 21st century. 
650 0 |a Gay youths' writings  |y 21st century. 
650 1 2 |a Sexual and Gender Minorities. 
650 6 |a Jeunes homosexuels  |v Anthologies. 
650 7 |a Gay youths' writings  |2 fast 
655 7 |a Literary collections  |2 fast 
700 1 |a Sonnie, Amy,  |e editor. 
700 1 |a Rodriguez, Margot Kelley,  |e writer of introduction. 
758 |i has work:  |a Revolutionary voices (Text)  |1 https://id.oclc.org/worldcat/entity/E39PCGkGwfK7TMmxKQQGDJcmq3  |4 https://id.oclc.org/worldcat/ontology/hasWork 
938 |a Baker & Taylor  |b BKTY  |c 11.95  |d 8.96  |i 1555835589  |n 0003540051  |s active 
938 |a Baker & Taylor  |b BKTY  |c 21.45  |d .00  |i 061378720X  |n 0006071553  |s active 
938 |a Baker and Taylor  |b BTCP  |n 00045405 
938 |a Ingram  |b INGR  |n 9781555835583 
938 |a YBP Library Services  |b YANK  |n 100224265 
948 |h HELD BY TXA - 381 OTHER HOLDINGS 
994 |a Z0  |b TXA 
999 f f |s dfae962e-8431-3eac-b0f7-900f56ad7771  |i 44850551-0a44-3f31-ad1e-9b8fda8e446c  |t 0 
952 f f |p normal  |a Texas A&M University  |b College Station  |c Sterling C. Evans Library  |s Evans curr  |d Evans: Curriculum Collection (4th floor)  |t 0  |e HQ76.25 .R48 2000  |h Library of Congress classification  |i unmediated -- volume  |m A14828697399 
998 f f |a HQ76.25 .R48 2000  |t 0  |l Evans: Curriculum Collection (4th floor)